000
00329 a2200157 4500
001
190488
020
_a
978-85-99117-41-5
040
_c
Magnum
100
_a
Sánchez, Efraín
240
1
0
_a
Ouros de eldorado
_l
por
245
1
0
_a
Ouros de eldorado
300
_a
198
362
0
_a
2010
697
_a
ANTIGUIDADES
942
_c
BK
999
_c
190488
_d
190488